[Event "Hotel Opatija GM Nov"]
[Site "Rijeka CRO"]
[Date "2002.12.01"]
[Round "11"]
[White "Vukic,M"]
[Black "Jovanic,O"]
[Result "1/2-1/2"]
[WhiteElo "2516"]
[BlackElo "2432"]

1.Nf3 d5 2.g3 c5 3.Bg2 Nc6 4.c4 d4 5.O-O e5 6.d3 Nf6 7.e3 Be7 8.exd4 cxd4
9.b4 Bxb4 10.Nxe5 Nxe5 11.Qa4+ Nfd7 12.Qxb4 Nxd3 13.Qa3 N7c5 14.Rd1 Bf5 15.Bf1 Qe7
16.Bb2 Nxb2 17.Qxb2 O-O 18.Rxd4 Qf6 19.Rd2 Qxb2 20.Rxb2 Rad8 21.Nc3 Be6 22.a4 Rd7
23.a5 h6 24.Rb5 Rc8 25.Rd1 a6 26.Rb2 Rcd8 27.Rxd7 Rxd7 28.f4 g5 29.fxg5 hxg5
30.Kf2 Rd3 31.Nd5 Bxd5 32.cxd5 Rxd5 33.Ke3 Kg7 34.Bc4 Rd1 35.Rf2 Ne6 36.Rf5 f6
37.Rd5 Rxd5 38.Bxd5 Nd8 39.Kd4 f5 40.Kc5 Kf6 41.Kb6 Ke5 42.Bg2 f4 43.gxf4+ gxf4
44.h4  1/2-1/2

[Event "Baharov Mem"]
[Site "Borovec BUL"]
[Date "2002.12.02"]
[Round "3"]
[White "Ermenkov,E"]
[Black "Dobrev,N"]
[Result "1-0"]
[WhiteElo "2463"]
[BlackElo "2371"]

1.Nf3 d5 2.g3 c5 3.Bg2 Nc6 4.O-O Nf6 5.d3 e5 6.c4 d4 7.b4 cxb4 8.a3 b3 9.Nbd2 Be7
10.Rb1 O-O 11.Rxb3 Nd7 12.Rb1 f5 13.Nb3 a5 14.Ne1 a4 15.Nd2 Nf6 16.Nc2 Bc5
17.Nb4 Qd6 18.Nd5 Nxd5 19.cxd5 Na5 20.Qxa4 Bd7 21.Qd1 b5 22.Ra1 Bb6 23.Nf3 Rac8
24.Bd2 Rfe8 25.Bb4 Qf6 26.Nd2 Nb7 27.Nb3 e4 28.Qb1 e3 29.f4 h5 30.h4 Nc5
31.Nxc5 Bxc5 32.Rc1 Qd6 33.Bf3 g6 34.Rxc5 Rxc5 35.Qb2 Qb6 36.Bxc5 Qxc5 37.Rc1 Qb6
38.Qb4 Kf7 39.d6 Ke6 40.Rc5 Kf7 41.Qxd4  1-0

[Event "Los Inmortales IV"]
[Site "Santo Domingo DOM"]
[Date "2002.12.02"]
[Round "6"]
[White "Pigusov,E"]
[Black "Conquest,S"]
[Result "1/2-1/2"]
[WhiteElo "2622"]
[BlackElo "2537"]

1.Nf3 d5 2.g3 g6 3.Bg2 Bg7 4.d4 Nf6 5.O-O O-O 6.c4 dxc4 7.Na3 Nc6 8.Nxc4 Be6
9.a4 a5 10.e3 Qc8 11.Nfd2 b6 12.Qf3 Nb4 13.h3 h5 14.Qf5 gxf5 15.Nf3 Rb8 16.Nfe5 Nd7
17.Nxd7 f4 18.g4 c5 19.dxc5 bxc5 20.g5 Nd3 21.Nxa5 c4 22.e4 f3 23.Nxc4 Nf4
24.Ne3 Rb3 25.a5 Rxe3 26.a6 Ra3  1/2-1/2

[Event "ch-POL sf"]
[Site "Lubniewice POL"]
[Date "2002.12.03"]
[Round "4"]
[White "Tazbir,M"]
[Black "Bronowicki,M"]
[Result "1-0"]
[WhiteElo "2254"]
[BlackElo "2123"]

1.Nf3 d5 2.g3 Nf6 3.Bg2 Bf5 4.O-O Nbd7 5.Nh4 g6 6.c4 c6 7.Qb3 Nc5 8.Qe3 Ng4
9.Qa3 e6 10.cxd5 exd5 11.Nxf5 gxf5 12.b4 Ne6 13.Bb2 Rg8 14.Qf3 Qg5 15.h3 Nf6
16.b5 Bc5 17.bxc6 bxc6 18.e3 Bd6 19.Rc1 Kd7 20.d3 Rab8 21.Rc2 Rb6 22.Nd2 Nc5
23.Qe2 Qh5 24.Nf3 Qh6 25.Bd4 Rb5 26.Rac1 Ne6 27.Rxc6 Nxd4 28.Rxd6+  1-0

[Event "Winter Cup"]
[Site "Bucharest ROM"]
[Date "2002.12.04"]
[Round "4"]
[White "Marin,L"]
[Black "Diulger,A"]
[Result "0-1"]
[WhiteElo "2181"]
[BlackElo "2326"]

1.g3 d5 2.Nf3 Nf6 3.Bg2 Bf5 4.O-O e6 5.d3 h6 6.Nbd2 Be7 7.Qe1 O-O 8.e4 Bh7
9.Qe2 c5 10.b3 Nc6 11.Bb2 Qc7 12.c4 dxe4 13.dxe4 Rfd8 14.Rfd1 a5 15.e5 Nd7
16.Ne4 a4 17.h4 Bg6 18.g4 h5 19.g5 Bf5 20.Qe3 Bf8 21.Nd6 Bg6 22.Bh3 axb3
23.axb3 Rxa1 24.Rxa1 Bxd6 25.exd6 Qxd6 26.Qc3 e5 27.Bxd7 Nd4 28.Re1 Rxd7
29.Nxe5 Re7 30.f4 f6 31.gxf6 gxf6 32.Qg3 fxe5 33.fxe5 Rxe5 34.Rxe5 Ne2+ 35.Rxe2 Qxg3+
36.Rg2 Qe1+ 37.Kh2 Qxh4+ 38.Kg1 Qe4 39.Kh2 h4  0-1

[Event "TCh-ESP"]
[Site "Mondariz ESP"]
[Date "2002.12.04"]
[Round "5"]
[White "Damljanovic,B"]
[Black "Franco Ocampos,Z"]
[Result "1/2-1/2"]
[WhiteElo "2550"]
[BlackElo "2504"]

1.Nf3 d5 2.g3 Bg4 3.Bg2 c6 4.b3 Nd7 5.Bb2 Ngf6 6.O-O e6 7.d3 Bd6 8.Nbd2 O-O
9.a3 a5 10.Qe1 e5 11.e4 Re8 12.h3 Bh5 13.Nh4 dxe4 14.dxe4 Nc5 15.Nc4 Bc7
16.Qe3 Nfd7 17.Bf3 Bxf3 18.Nxf3 b5 19.Ncd2 Qe7 20.Kg2 Bd6 21.Rfd1 f6 22.a4 Qe6
23.Qe2 Reb8 24.Bc3 Bc7 25.axb5 cxb5 26.Nf1 Qc6 27.Be1 Rd8 28.Ne3 Nb6 29.Rxd8+ Bxd8
30.Rxa5 Rxa5 31.Bxa5 Nxe4 32.Kg1 Nd6 33.Qd1 Bc7 34.h4 Nbc8 35.Bxc7 Qxc7 36.Qd5+ Kf8
37.Nd2 Ne7 38.Qa8+ Qc8 39.Qa3 Qc6 40.Qb4 Kf7 41.c4 bxc4 42.bxc4 Ndf5 43.Nxf5 Nxf5
44.Qb1 g6 45.Qb5 Nd4 46.Qxc6 Nxc6 47.Kf1 Ke6 48.Ke2 f5 49.f3 h5 50.Kd3 Kd6
51.Nb3 Nb4+ 52.Ke3 Nc6 53.Kd3 Nb4+ 54.Ke3 Nc6 55.Kd3  1/2-1/2

[Event "Baharov Mem"]
[Site "Borovec BUL"]
[Date "2002.12.05"]
[Round "7"]
[White "Raev,R"]
[Black "Gjurov,A"]
[Result "1-0"]
[WhiteElo "2206"]
[BlackElo "2010"]

1.Nf3 d5 2.g3 Nc6 3.d4 Bg4 4.Bg2 Nf6 5.Ne5 e6 6.Nxg4 Nxg4 7.O-O f5 8.c4 Be7
9.cxd5 exd5 10.Nc3 Nf6 11.Qb3 Na5 12.Qa4+ c6 13.b4 Nc4 14.b5 Nb6 15.Qc2 Qd7
16.a4 O-O 17.a5 Nc4 18.a6 Ne4 19.Nxe4 fxe4 20.Bxe4 cxb5 21.Bxh7+ Kh8 22.axb7 Qxb7
23.Bd3 Qd7 24.Ra6 Rac8 25.Qd1 Nd6 26.e3 Qh3 27.Be2 Ne4 28.Bb2 Nxf2 29.Qe1 Ne4
30.Bd3 Ng5 31.Rxa7 Qe6 32.Qe2 Rxf1+ 33.Kxf1 Rf8+ 34.Kg1 Nh3+ 35.Kg2 g6 36.Rxe7 Qc8
37.Rh7+ Kxh7 38.Qh5+ Kg7 39.Qxg6+  1-0

[Event "FSIMA Dec"]
[Site "Budapest HUN"]
[Date "2002.12.07"]
[Round "1"]
[White "Graham,N"]
[Black "Peredy,F"]
[Result "1/2-1/2"]
[WhiteElo "2346"]
[BlackElo "2312"]

1.Nf3 d5 2.g3 c6 3.Bg2 Bg4 4.O-O Nd7 5.d3 e5 6.c4 dxc4 7.dxc4 Ngf6 8.Nc3 Bc5
9.Qc2 O-O 10.h3 Bh5 11.Nh4 Re8 12.Bg5 Qc7 13.Rad1 Bg6 14.Nxg6 hxg6  1/2-1/2

[Event "TCh-BEL 2002-3"]
[Site "Belgium BEL"]
[Date "2002.12.08"]
[Round "4"]
[White "Schebler,G"]
[Black "Vaganian,R"]
[Result "0-1"]
[WhiteElo "2484"]
[BlackElo "2667"]

1.Nf3 d5 2.g3 c6 3.Bg2 Bg4 4.O-O Nd7 5.d4 e6 6.Nbd2 f5 7.c4 Bd6 8.Qb3 Rb8
9.Re1 Qf6 10.cxd5 cxd5 11.Qa4 Ne7 12.Ne5 b5 13.Qa6 Bxe5 14.dxe5 Nxe5 15.Nf3 Bxf3
16.exf3 N5c6 17.f4 Kf7 18.Qa3 Rhc8 19.Be3 Nd4 20.Bxd4 Qxd4 21.Rad1 Qc5 22.Qf3 Rb6
23.Re2 g6 24.h3 Rbc6 25.g4 Qd6 26.Qe3 Rc2 27.Rde1 Rxe2 28.Qxe2 Rc4 29.g5 Rxf4
30.Qxb5 Rc4 31.Qa5  0-1

[Event "Winter Cup"]
[Site "Bucharest ROM"]
[Date "2002.12.10"]
[Round "10"]
[White "Marin,L"]
[Black "Raceanu,V"]
[Result "0-1"]
[WhiteElo "2181"]
[BlackElo "2339"]

1.g3 d5 2.Nf3 Nf6 3.Bg2 Bg4 4.d3 e6 5.O-O c5 6.Nbd2 Nc6 7.c4 d4 8.Qb3 Qc7
9.e3 Be7 10.exd4 cxd4 11.Re1 O-O 12.a3 Nd7 13.Qc2 a5 14.b3 e5 15.Bb2 Rae8
16.Rac1 h6 17.c5 Bxc5 18.Nc4 Re6 19.Ncxe5 Ndxe5 20.Nxe5 Nxe5 21.Bxd4 Bd6
22.Qxc7 Bxc7 23.Rxc7 Nf3+ 24.Bxf3 Rxe1+ 25.Kg2 Bxf3+ 26.Kxf3 Rd8 27.Be3 Rxd3
28.Rxb7 Rb1 29.Rb8+ Kh7 30.Rb5 Rbxb3 31.Rxa5 Rxa3 32.Rf5 Kg6 33.g4 Rd7 34.h4 Rad3
35.h5+ Kh7 36.Ke4 Rb3 37.Rc5 Rb4+ 38.Kf3 Rdb7 39.Kg3 R7b5 40.Rc7 f5 41.f3 fxg4
42.fxg4 Ra4 43.Rc6 Re5 44.Kf3 Ra3  0-1

[Event "19th WJun Girls"]
[Site "Goa IND"]
[Date "2002.12.10"]
[Round "2"]
[White "Harika,D"]
[Black "Koneru,C"]
[Result "1-0"]
[WhiteElo "2248"]
[BlackElo "2086"]

1.Nf3 d5 2.g3 Nf6 3.Bg2 c6 4.O-O Bf5 5.d3 h6 6.c4 e6 7.Be3 Nbd7 8.Qb3 Qc7
9.cxd5 exd5 10.Rc1 Bd6 11.Nd4 Nc5 12.Rxc5 Bxc5 13.Nxf5 Bxe3 14.Nxe3 O-O 15.Nd2 Rfe8
16.d4 Qb6 17.Qc3 Rac8 18.b4 Qa6 19.Bf3 Ne4 20.Bxe4 dxe4 21.Nec4 Rcd8 22.Nb3 Qb5
23.Nc5 a5 24.bxa5 Rxd4 25.Qxd4 Ra8 26.a3  1-0

[Event "19th WJun Girls"]
[Site "Goa IND"]
[Date "2002.12.10"]
[Round "2"]
[White "Rajadharshini,M"]
[Black "Priyadarshini,M"]
[Result "1/2-1/2"]
[WhiteElo "2062"]
[BlackElo "2097"]

1.Nf3 d5 2.g3 Nf6 3.Bg2 Bf5 4.O-O e6 5.d3 c5 6.c3 Nc6 7.Bg5 h6 8.Bxf6 Qxf6
9.Nbd2 Bh7 10.e4 d4 11.c4 Bd6 12.Qe2 e5 13.Ne1 g5 14.Nc2 a6 15.a3 b5 16.Rab1 O-O
17.b4 Rfb8 18.bxc5 Bxc5 19.Rfc1 Qe7 20.Ra1 Na5 21.cxb5 Rxb5 22.a4 Rb6 23.Rab1 Rab8
24.Qd1 Nb3 25.Nxb3 Rxb3 26.Rxb3 Rxb3 27.Nxd4 Rb2 28.Ne2 Qa7 29.Rc2 Bxf2+
30.Kh1 Rxc2 31.Qxc2 Qc5 32.Qxc5 Bxc5 33.Nc3 f5 34.exf5 Bxf5 35.Ne4 Bxe4 36.Bxe4 a5
37.h3 Kf7 38.g4 Ke6  1/2-1/2

[Event "19th WJun Girls"]
[Site "Goa IND"]
[Date "2002.12.10"]
[Round "2"]
[White "Karavade,E"]
[Black "Zhao Xue"]
[Result "0-1"]
[WhiteElo "2171"]
[BlackElo "2367"]

1.Nf3 d5 2.g3 Nf6 3.Bg2 Bf5 4.O-O e6 5.d3 h6 6.Nbd2 Be7 7.c4 c5 8.Qb3 Qb6
9.Re1 Nc6 10.cxd5 exd5 11.Qa4 O-O 12.Nf1 Rad8 13.Ne3 Bh7 14.Bd2 Qc7 15.Rac1 Qd7
16.a3 a6 17.Qb3 b5 18.Red1 Rfe8 19.Bf1 Bf8 20.Ng2 Bf5 21.Be3 Bg4 22.Qc2 d4
23.Bd2 Rc8 24.Qb1 Nd5 25.Nf4 Nb6 26.h3 Bf5 27.g4 Bh7 28.Qa2 Bd6 29.Nh5 Kh8
30.Bf4 Bf8 31.Bg3 a5 32.Qb3 b4 33.a4 f6 34.Nf4 Ne5 35.Bg2 Ng6 36.Rd2 Nxf4
37.Bxf4 Bg8 38.Qd1 g5 39.Bg3 Nxa4 40.Ra1 b3 41.Qf1 Kg7 42.h4 Qb5 43.hxg5 hxg5
44.Ne1 Qb4 45.Rdd1 Nxb2 46.Rdb1 c4 47.f4 c3 48.fxg5 fxg5 49.Be4 Qc5 50.Qh3 a4
51.Nf3 Rxe4 52.dxe4 Re8 53.e5 c2 54.Rf1 Qb6 55.Bf2 Bc5 56.Kg2 Qh6 57.Qg3 Bd5
58.Rh1 Qg6 59.Rh5 Nc4 60.Kh2 b2 61.Rxg5 Qxg5 62.Nxg5 bxa1=Q  0-1

[Event "FSGM Dec"]
[Site "Budapest HUN"]
[Date "2002.12.11"]
[Round "5"]
[White "Valdes,Le"]
[Black "Lopez Martinez,J"]
[Result "1-0"]
[WhiteElo "2426"]
[BlackElo "2437"]

1.Nf3 d5 2.g3 Nf6 3.Bg2 c6 4.O-O Bf5 5.b3 e6 6.Bb2 Nbd7 7.d3 h6 8.Nbd2 Bh7
9.Qe1 Be7 10.e4 O-O 11.Qe2 a5 12.a4 Bb4 13.e5 Ne8 14.Nd4 Qb6 15.Kh1 Bc5 16.N4f3 Nc7
17.Nh4 Be7 18.f4 Kh8 19.Nhf3 f5 20.exf6 Bxf6 21.Bxf6 Rxf6 22.Ne5 Nxe5 23.Qxe5 Na6
24.Nf3 Nb4 25.Qc3 Rd8 26.Ne5 d4 27.Qd2 Qc5 28.Rf2 Qc3 29.Qxc3 dxc3 30.Re1 Rff8
31.Kg1 g5 32.Be4 gxf4 33.gxf4 Rd4 34.Nf3 Rd7 35.Bxh7 Kxh7 36.Re4 Rg7+ 37.Kf1 Nd5
38.Nd4 Rfg8 39.Nxe6 Rg1+ 40.Ke2 Nf6 41.f5 Nxe4 42.dxe4 R8g2 43.f6 Rc1 44.Rxg2 Rxc2+
45.Kd1 Rxg2 46.f7 Rf2 47.f8=Q Rxf8 48.Nxf8+ Kg7 49.Nd7 Kf7 50.Kc2 Ke7 51.Nc5 b6
52.Nd3 Kd6 53.Kxc3 b5 54.Kd4  1-0

[Event "19th WJun Girls"]
[Site "Goa IND"]
[Date "2002.12.11"]
[Round "4"]
[White "Anoori,M"]
[Black "Coimbra,M"]
[Result "1-0"]
[WhiteElo "2109"]
[BlackElo "2082"]

1.Nf3 d5 2.g3 Nf6 3.Bg2 c6 4.O-O Bg4 5.b3 Nbd7 6.Bb2 e6 7.d3 Bd6 8.Nbd2 O-O
9.h3 Bxf3 10.Bxf3 e5 11.e4 Re8 12.Re1 Qe7 13.exd5 cxd5 14.d4 e4 15.c4 Ba3
16.Bc3 Bb4 17.Bxb4 Qxb4 18.Bg2 Qd6 19.Rc1 e3 20.Rxe3 Rxe3 21.fxe3 Qxg3 22.Qf3 Qxf3
23.Bxf3 Rc8 24.e4 dxe4 25.Nxe4 Nxe4 26.Bxe4 b6 27.Bf5 Rd8 28.c5 bxc5 29.dxc5 g6
30.Be4 f5 31.Bb7 Rb8 32.Bd5+ Kg7 33.c6 Nb6 34.c7 Re8 35.Bb7 Re3 36.a4 a5
37.Rc6 Re7 38.Rxb6 Rxc7 39.Rb5 Kf6 40.Bg2 Ra7 41.Rb7 Rxb7 42.Bxb7 Ke5 43.Kf2 f4
44.Kf3 g5 45.Ba6 h5 46.Bc4 Kf5 47.Bd3+ Kf6 48.Ke4 Ke6 49.Be2  1-0

[Event "19th WJun Girls"]
[Site "Goa IND"]
[Date "2002.12.11"]
[Round "4"]
[White "Harika,D"]
[Black "Makka,I"]
[Result "0-1"]
[WhiteElo "2248"]
[BlackElo "2257"]

1.Nf3 d5 2.g3 c6 3.Bg2 Bf5 4.O-O Nd7 5.d3 e5 6.Nbd2 Ngf6 7.Re1 Bc5 8.e4 dxe4
9.dxe4 Be6 10.h3 Qb6 11.Qe2 h6 12.c3 a5 13.Nf1 O-O 14.Qc2 Qc7 15.Ne3 Rfd8
16.g4 b5 17.Nf5 Bb6 18.Be3 Bxe3 19.Rxe3 Kh8 20.g5 hxg5 21.Nxg5 Nf8 22.Nh4 Nh5
23.Nxe6 Nxe6 24.Qe2 Nhf4 25.Qg4 Rd2 26.Nf5 Qd8 27.Rb1 Qg5 28.Qxg5 Nxg5 29.Ne7 Rd6
30.Nf5 Rg6 31.Rg3 Ne2+ 32.Kh2 Nxg3 33.fxg3 Rd8 34.h4 Nh7 35.a4 Rd2 36.b4 axb4
37.Rxb4 Re6 38.axb5 cxb5 39.c4 g6 40.Ne3 bxc4 41.Nxc4 Re2 42.Rb2 Rxb2 43.Nxb2 Rc6
44.Nd3 f6 45.Nb4 Rc4 46.Nd5 Kg7 47.Kg1 Rc2 48.Kf1 Nf8 49.Ne3 Ra2 50.Bh3 Ra4
51.Bg2 Ne6 52.Ke2 Nc5 53.Nd5 Nxe4 54.Bxe4 Rxe4+ 55.Kf3 Rd4 56.Ne3 Rd3 57.Ke4 Rd4+
58.Kf3 f5 59.h5 Rd3 60.hxg6 Kxg6 61.Ke2 Rxe3+ 62.Kxe3 Kg5 63.Kf3 e4+ 64.Kf2 Kg4
65.Kg2 e3  0-1

[Event "FSIMA Dec"]
[Site "Budapest HUN"]
[Date "2002.12.12"]
[Round "6"]
[White "Dresen,U"]
[Black "Lengyel,B"]
[Result "1/2-1/2"]
[WhiteElo "2316"]
[BlackElo "2338"]

1.Nf3 d5 2.g3 Nf6 3.Bg2 Bf5 4.c4 e6 5.O-O c6 6.b3 h6 7.Bb2 Nbd7 8.d3 Bc5
9.a3 a5 10.Nbd2 O-O 11.Ra2 Qe7 12.Qa1 Rfd8 13.Bc3 Bh7 14.b4 Bb6 15.Rb1 a4
16.Rf1 Bc7 17.Ne5 Ne8 18.Nxd7 Rxd7 19.cxd5 cxd5 20.Nf3 f6 21.Bh3 Bf5 22.Bxf5 exf5
23.e3 Nd6 24.Rc2 Bd8 25.Bd4 Qf7 26.Qa2 g5 27.Rfc1 Kg7 28.Bc5 Nb5 29.Nd4 Nxd4
30.Bxd4 h5 31.Rc8 Rxc8 32.Rxc8 h4 33.Qe2 g4 34.f4 h3 35.Qb2 Qe6 36.Qc3 Kf7
37.Kf2 Qd6 38.Qc5 Qxc5 39.bxc5 Ke7 40.Ra8 Rc7 41.Ke1 Kd7 42.Rxa4 Rc8 43.Kd1 Kc6
44.Rb4 Ra8 45.a4 Ra6 46.Kc2 Be7 47.Rb6+ Rxb6 48.cxb6 Bb4 49.Bc3  1/2-1/2

[Event "19th WJun Girls"]
[Site "Goa IND"]
[Date "2002.12.12"]
[Round "6"]
[White "Harika,D"]
[Black "Milliet,S"]
[Result "1/2-1/2"]
[WhiteElo "2248"]
[BlackElo "2164"]

1.Nf3 d5 2.g3 Bg4 3.Bg2 Nd7 4.c4 e6 5.d4 c6 6.Nbd2 Ngf6 7.O-O Be7 8.b3 O-O
9.Bb2 a5 10.h3 Bh5 11.Ne5 Nxe5 12.dxe5 Nd7 13.g4 Bg6 14.e4 dxe4 15.Nxe4 Nc5
16.Qe2 Bxe4 17.Bxe4 Nxe4 18.Qxe4 Bc5 19.Rad1 Qb6 20.Bd4 Rfd8 21.Bxc5 Qxc5
22.Qe2 h6 23.Rfe1 a4 24.Rd3 axb3 25.axb3 Rxd3 26.Qxd3 Ra2 27.Qd8+ Kh7 28.Qd3+ Kg8
29.Qd8+ Kh7 30.Qd3+  1/2-1/2

[Event "Salona Rapid 1hr"]
[Site "Solin-Spilt CRO"]
[Date "2002.12.12"]
[Round "2"]
[White "Cvitan,O"]
[Black "Roschina,T"]
[Result "1-0"]
[WhiteElo "2562"]
[BlackElo "2265"]

1.Nf3 d5 2.g3 Nf6 3.Bg2 c5 4.O-O Nc6 5.d4 e6 6.c4 dxc4 7.Ne5 Rb8 8.Bxc6+ bxc6
9.Nxc6 Qb6 10.Nxb8 Qxb8 11.Nc3 Be7 12.Qa4+ Nd7 13.dxc5 Bxc5 14.Qxc4 h5 15.Ne4 Be7
16.Bf4 e5 17.Rac1 O-O 18.Be3 Qa8 19.Qc6 Qb8 20.Rfd1 Nf6 21.Nxf6+ Bxf6 22.Bc5 Bb7
23.Qd6 Qxd6 24.Bxd6 Rd8 25.Bc5 Rb8 26.Bxa7 Ra8 27.Be3 Rxa2 28.Ra1 Rxb2 29.Rab1 Rxb1
30.Rxb1 Ba6 31.Kf1 Kf8 32.h4 Ke7 33.Bg5 Bc8 34.f3 Bxg5 35.hxg5 Ke6 36.e4 f5
37.Rb6+ Ke7 38.exf5 Bxf5 39.Kf2 Kf7 40.Ke3 g6 41.f4 exf4+ 42.Kxf4 Kg7 43.Rb7+ Kg8
44.Ra7 Kf8 45.Ke5 Kg8 46.Kf6 Kh8 47.Rg7 Bg4 48.Rxg6 Kh7 49.Rg7+ Kh8 50.Rc7 Kg8
51.g6 Kh8 52.Kg5 Kg8 53.Kh6 Kh8 54.Re7  1-0

[Event "ch-Balkan"]
[Site "Istanbul TUR"]
[Date "2002.12.13"]
[Round "5"]
[White "Reyhan,D"]
[Black "Olcayoz,A"]
[Result "0-1"]
[WhiteElo "2133"]
[BlackElo "2310"]

1.Nf3 d5 2.g3 c6 3.Bg2 Bg4 4.O-O Nd7 5.d3 Ngf6 6.Nbd2 e5 7.e4 dxe4 8.dxe4 Bc5
9.Qe1 O-O 10.h3 Bh5 11.Nh4 Re8 12.Nb3 Bb6 13.Be3 Bg6 14.Rd1 Bxe3 15.Qxe3 Qb6
16.Qc3 Bxe4 17.Bxe4 Nxe4 18.Qf3 Ndf6 19.Rfe1 Ng5 20.Qf5 h6 21.Kg2 a5 22.Rxe5 a4
23.Rxe8+ Rxe8 24.Qc5 Qc7 25.Qa5 Qxa5 26.Nxa5 Re2 27.Nc4 Nge4 28.Rd8+ Kh7
29.Ne5 Rxf2+ 30.Kg1 g5 31.Nhf3 Rxc2 32.Rf8 Nd6 33.Rd8 Nfe4 34.b3 a3 35.Nd7 Rxa2
36.Nfe5 Rb2 37.Nf8+ Kg7  0-1

[Event "Bundesliga 2002-3"]
[Site "Luebeck GER"]
[Date "2002.12.14"]
[Round "5"]
[White "Maiwald,JU"]
[Black "Hansen,LB"]
[Result "1/2-1/2"]
[WhiteElo "2516"]
[BlackElo "2574"]

1.Nf3 d5 2.g3 c6 3.Bg2 Bg4 4.O-O Nd7 5.d3 e6 6.Nbd2 Bd6 7.e4 Ne7 8.b3 O-O
9.Bb2 a5 10.a3 Qb6 11.Rb1 Rae8 12.Qe1 f6 13.Qe3 Qd8 14.c4 Kh8 15.Rfe1 e5
16.cxd5 cxd5 17.exd5 Nxd5 18.Qe4 Be6 19.Qh4 Ne7 20.d4 Nf5 21.Qe4 exd4 22.Qxb7 Nc5
23.Qb5 Bd7 24.Qc4 Be6 25.Qb5 Bd7 26.Qc4 Be6 27.Qb5  1/2-1/2

[Event "Bundesliga 2002-3"]
[Site "Solingen GER"]
[Date "2002.12.14"]
[Round "5"]
[White "Meins,G"]
[Black "Ellers,H"]
[Result "1/2-1/2"]
[WhiteElo "2436"]
[BlackElo "2425"]

1.Nf3 d5 2.g3 Nf6 3.Bg2 c6 4.O-O Bg4 5.d4 e6 6.Nbd2 Be7 7.Re1 O-O 8.e4 Nbd7
9.c3 Bh5 10.Qb3 Rb8 11.exd5 cxd5 12.c4 Qa5 13.cxd5 Nxd5 14.Nc4 Qc7 15.Bd2 Rfc8
16.Rac1 Qd8 17.Ba5 b6 18.Bd2 Rc7 19.Nfe5 f6 20.Nxd7 Qxd7 21.Ne3 Rxc1 22.Rxc1 Nxe3
23.Bxe3 Bf7 24.Qc3 Bd6 25.h4 Rd8 26.a3  1/2-1/2

[Event "Christmas Open"]
[Site "Zadar CRO"]
[Date "2002.12.14"]
[Round "1"]
[White "Jelic,N"]
[Black "Fercec,N"]
[Result "0-1"]
[WhiteElo "2097"]
[BlackElo "2504"]

1.Nf3 d5 2.g3 c5 3.Bg2 Nc6 4.O-O e5 5.d3 f6 6.e4 d4 7.c4 Bg4 8.Qb3 Qd7 9.Na3 g5
10.h3 Be6 11.Nh2 O-O-O 12.g4 h5 13.f3 Nge7 14.Rf2 Ng6 15.Bd2 Nf4 16.Bxf4 exf4
17.Qa4 Kb8 18.Nc2 Qc7 19.Bf1 hxg4 20.fxg4 f3 21.Rxf3 Bd6 22.Rf2 Bg3 23.Rd2 Ne5
24.Ne1 Bxh2+ 25.Rxh2 Nxg4 26.Rg2 Qf4 27.Re2 Qg3+ 28.Bg2 Rxh3 29.Kf1 Nh2+
30.Kg1 Rdh8  0-1

[Event "FSGM Dec"]
[Site "Budapest HUN"]
[Date "2002.12.15"]
[Round "9"]
[White "Valdes,Le"]
[Black "Lukacs,P"]
[Result "1/2-1/2"]
[WhiteElo "2426"]
[BlackElo "2420"]

1.Nf3 d5 2.g3 c6 3.Bg2 Nf6 4.c4 e6 5.b3 Nbd7 6.Bb2 Be7 7.O-O O-O 8.d3 b6
9.Nc3 Bb7 10.e4 dxe4 11.dxe4 e5 12.Qc2 Qc7 13.Bh3 Rfe8  1/2-1/2

[Event "16th Masters"]
[Site "Clichy FRA"]
[Date "2002.12.15"]
[Round "2"]
[White "Foisor,C"]
[Black "Neiman,E"]
[Result "1/2-1/2"]
[WhiteElo "2408"]
[BlackElo "2292"]

1.Nf3 d5 2.g3 Nf6 3.Bg2 e6 4.O-O Be7 5.d4 O-O 6.c4 dxc4 7.Qc2 a6 8.a4 Bd7
9.Qxc4 Bc6 10.Bg5 Bd5 11.Qc2 Be4 12.Qc1 h6 13.Bxf6 Bxf6 14.Nc3 Bxf3 15.Bxf3 c6
16.Rd1 a5 17.Ne4 Na6 18.Nxf6+ Qxf6 19.Qf4 Qe7 20.h4 Rfd8 21.Kg2 Rd7 22.e3 Rad8
23.h5 Nb4 24.g4 Nd5 25.Qg3 Nb4 26.Rac1 e5 27.Qxe5 Qxe5 28.dxe5 Rxd1 29.Rxd1 Rxd1
30.Bxd1 Nd3 31.b3 Nxe5 32.f4 Nd3 33.Kf3 Kf8 34.e4 Ke7 35.Ke3 Nc5 36.g5 b6
37.gxh6 gxh6 38.e5 f6 39.Kd4 Ke6 40.Bg4+ Ke7 41.Bd1 Ke6 42.Bg4+ Ke7  1/2-1/2

[Event "19th WJun Girls"]
[Site "Goa IND"]
[Date "2002.12.15"]
[Round "8"]
[White "Vinuthna,N"]
[Black "Jackova,J"]
[Result "1-0"]
[WhiteElo "2089"]
[BlackElo "2361"]

1.Nf3 d5 2.g3 Bg4 3.Bg2 Nd7 4.d4 c6 5.O-O Ngf6 6.b3 e6 7.c4 h6 8.Bb2 Be7
9.Nc3 O-O 10.Re1 a5 11.e4 dxe4 12.Nxe4 Nxe4 13.Rxe4 Nf6 14.Re3 Qb6 15.h3 Bf5
16.a3 Bd8 17.Qe2 c5 18.Rd1 a4 19.Rd2 Qa6 20.Qd1 Qa5 21.bxa4 Qc7 22.Ne5 cxd4
23.Bc3 b6 24.Re1 Ne8 25.Kh2 h5 26.Nc6 f6 27.Bxd4 h4 28.Re3 hxg3+ 29.fxg3 Qc8
30.Bxb6 Nc7 31.a5 Qb8 32.Na7 Kf7 33.Nc8 e5 34.Na7 Be6 35.c5 Bd5 36.Nb5 Ke6
37.Rc3 Bc6 38.Na7  1-0

[Event "Bundesliga 2002-3"]
[Site "Koenig Plauen GER"]
[Date "2002.12.15"]
[Round "6"]
[White "Markowski,T"]
[Black "Langheinrich,F"]
[Result "1-0"]
[WhiteElo "2549"]
[BlackElo "2363"]

1.g3 d5 2.Nf3 Nf6 3.Bg2 c6 4.O-O Bf5 5.d3 e6 6.Nh4 Bg6 7.Nxg6 hxg6 8.Nd2 Nbd7
9.e4 dxe4 10.Nxe4 Nxe4 11.Bxe4 Bd6 12.Bg2 f5 13.d4 Qf6 14.c4 g5 15.Re1 O-O-O
16.Bd2 g4 17.d5 cxd5 18.cxd5 e5 19.Qc1+ Kb8 20.Bg5 Qf7 21.Bxd8 Rxd8 22.Qg5 Rh8
23.Rac1 e4 24.Bxe4 fxe4 25.Rxe4 a6 26.Rc2 Rh5 27.Qxg4 Ne5 28.Rf4 Nxg4 29.Rxf7 Nxh2
30.Kg2 g5 31.Rf6 Be5 32.Rf5 Bd6 33.Rc4 Ka7 34.b4 a5 35.b5 Bb4 36.a4 Bd6 37.Rf6 Be5
38.Re6 g4 39.b6+ Ka6 40.Rc8  1-0

[Event "XII It"]
[Site "Elgoibar ESP"]
[Date "2002.12.16"]
[Round "5"]
[White "Gonzalez de la Torre,S"]
[Black "Perez,Rod"]
[Result "1-0"]
[WhiteElo "2399"]
[BlackElo "2428"]

1.Nf3 d5 2.g3 Nf6 3.Bg2 e6 4.O-O Be7 5.d3 O-O 6.Nbd2 c5 7.e4 Nc6 8.e5 Nd7
9.Re1 b5 10.Nf1 a5 11.h4 b4 12.Bf4 Ba6 13.N1h2 a4 14.a3 c4 15.axb4 Bxb4 16.c3 Be7
17.d4 Bb5 18.Ng5 Qe8 19.Qg4 Na5 20.Rad1 Ra6 21.Bf3 h6 22.Qh5 f5 23.Qxe8 Rxe8
24.Nxe6 Rxe6 25.Bxd5 Nf8 26.Nf3 Nb3 27.Be3 Bd8 28.Nd2 Nxd2 29.Rxd2 Ba5 30.Bxe6+ Rxe6
31.f4 Kf7 32.d5 Ra6 33.Bc5 Bb6 34.e6+ Ke8 35.Bxb6 Rxb6 36.d6 Rb8 37.d7+ Ke7
38.d8=Q+  1-0

[Event "XV Carlos Torre"]
[Site "Merida MEX"]
[Date "2002.12.17"]
[Round "5"]
[White "Pigusov,E"]
[Black "Soppe,G"]
[Result "1/2-1/2"]
[WhiteElo "2622"]
[BlackElo "2469"]

1.Nf3 d5 2.g3 Nf6 3.Bg2 e6 4.O-O Be7 5.d4 O-O 6.c4 dxc4 7.Ne5 Nc6 8.Bxc6 bxc6
9.Nxc6 Qe8 10.Nxe7+ Qxe7 11.Qa4 a5 12.Qxc4 Ba6 13.Qc2 Rfd8 14.Rd1 c5 15.dxc5 Rxd1+
16.Qxd1 Qxc5 17.Nc3 Ng4 18.Qf1 Bb7 19.h3 Ne5 20.Bf4 Nc4 21.b3 Ne3 22.Bxe3 Qxc3
23.Qd1 Qe5 24.Qd4 Qh5 25.Qg4 Qd5 26.f3 Rc8 27.Kf2 Ba6 28.Qd4  1/2-1/2

[Event "16th Masters"]
[Site "Clichy FRA"]
[Date "2002.12.18"]
[Round "5"]
[White "Neiman,E"]
[Black "Daurelle,H"]
[Result "1-0"]
[WhiteElo "2292"]
[BlackElo "2217"]

1.Nf3 d5 2.g3 Bg4 3.Bg2 Nd7 4.c4 dxc4 5.Na3 Ngf6 6.Nxc4 Bxf3 7.Bxf3 c6 8.d4 e6
9.Qb3 Nb6 10.Na5 Qd7 11.O-O Be7 12.Rd1 O-O 13.e4 Rfd8 14.Bf4 Rac8 15.h4 h6
16.Kg2 Bf8 17.g4 Qe7 18.g5 Nh7 19.g6 Nf6 20.gxf7+ Qxf7 21.Bg3 Rd7 22.h5 Rcd8
23.Be5 Nxh5 24.Bg4 Re8 25.Rd3 Nf4+ 26.Bxf4 Qxf4 27.Bxe6+ Kh8 28.Bxd7 Qxe4+
29.Kg1 Nxd7 30.Re3 Qg4+ 31.Rg3 Qxd4 32.Rd1 Qh4 33.Qf7 Re7 34.Qf5 Nf6 35.Kg2 Qh5
36.Qxh5 Nxh5 37.Rf3 Nf6 38.Rd8 Kg8 39.Rb3 Re2 40.Kf3 Rc2 41.Rxb7 Rc5 42.Rxa7 Rf5+
43.Kg2 Ng4 44.Nxc6 Kh7 45.b4 Rxf2+ 46.Kg3 h5 47.Raa8 Rc2 48.Rxf8 Rxc6 49.b5 Rc3+
50.Rf3 Rc1 51.b6 g5 52.Rb3 Rg1+ 53.Kf3 Ne5+ 54.Kf2  1-0

[Event "XII It"]
[Site "Elgoibar ESP"]
[Date "2002.12.18"]
[Round "7"]
[White "Paunovic,D"]
[Black "Perez,Rod"]
[Result "0-1"]
[WhiteElo "2532"]
[BlackElo "2428"]

1.Nf3 d5 2.g3 Nf6 3.Bg2 e6 4.O-O Be7 5.c4 O-O 6.d4 dxc4 7.Ne5 Nc6 8.Bxc6 bxc6
9.Nxc6 Qe8 10.Nxe7+ Qxe7 11.Qa4 e5 12.dxe5 Qxe5 13.Qxc4 Bh3 14.Re1 Qh5 15.Qh4 Qxh4
16.gxh4 Nd5 17.f3 Nb4 18.Na3 Be6 19.Bd2 Nxa2 20.b3 Bxb3 21.Reb1 Rfb8 22.Rxb3 Rxb3
23.Rxa2 a5 24.Nc4 a4 25.Na5 Rb1+ 26.Kf2 Rh1 27.Be1 Rxe1 28.Kxe1 Rxa5 29.Kd2 Kf8
30.Kc3 Ke7 31.e3 c5 32.h5 Kd6 33.Rg2 g6 34.hxg6 hxg6 35.Ra2 Kc6 36.Ra3 Kb5
37.Kb2 Kb4 38.Rd3 Ra7 39.e4 a3+ 40.Ka2 c4 41.Rd8 Kc3 42.f4 Kc2 43.h4 c3 44.e5 Ra4
45.h5 gxh5 46.f5 Re4 47.Re8 Kd3 48.e6 c2 49.Rd8+ Kc3  0-1

[Event "19th WJun Girls"]
[Site "Goa IND"]
[Date "2002.12.18"]
[Round "11"]
[White "Koneru,H"]
[Black "Ubiennykh,E"]
[Result "1-0"]
[WhiteElo "2484"]
[BlackElo "2210"]

1.Nf3 d5 2.g3 Nf6 3.Bg2 Bf5 4.b3 e6 5.Bb2 Be7 6.O-O O-O 7.d3 Nbd7 8.Nbd2 h6
9.Re1 c6 10.e4 Bh7 11.Qe2 b5 12.a3 a6 13.Rad1 Ra7 14.Bh3 Qb6 15.exd5 cxd5
16.b4 Rc7 17.Nb3 Re8 18.Na5 Bf5 19.Bxf5 exf5 20.Qd2 Bf8 21.Rxe8 Nxe8 22.Bd4 Qb8
23.Be3 Qc8 24.Nd4 Rc3 25.Nc4 dxc4 26.Qxc3 Ndf6 27.dxc4 bxc4 28.Ne2 Nd6 29.Qd4 Qe6
30.Nf4 Qe8 31.Nd5 Nfe4 32.Nc3 Ng5 33.Qd5 g6 34.Bc5 Bg7 35.Qxd6 Bxc3 36.Qd8 Qxd8
37.Rxd8+ Kg7 38.Kg2 Ne6 39.Ra8 Nc7 40.Ra7 Nb5 41.Rxa6 Bb2 42.Ra5 Nxa3 43.Bd4+ Bxd4
44.Rxa3 Kf8 45.Ra6 Ke7 46.Rc6 c3 47.Rc4 Bf6 48.Kf3  1-0